[Event "AUT-ch"]
[Site "Vienna"]
[Date "2023.07.25"]
[Round "4"]
[White "Exler, Veronika"]
[Black "Postlmayer, Jakob"]
[Result "0-1"]
[WhiteElo "2153"]
[BlackElo "2347"]
[PlyCount "80"]
[EventDate "2023.07.22"]
[EventType "swiss"]
[EventRounds "9"]
[EventCountry "AUT"]
[SourceTitle "CBM 215 Extra"]
[Source "ChessBase"]
[SourceDate "2023.09.30"]
[SourceVersion "1"]
[SourceVersionDate "2023.09.30"]
[SourceQuality "1"]

1. d4 Nf6 2. Nf3 g6 3. g3 Bg7 4. Bg2 c5 5. c4 0-0 6. 0-0 d6 7. dxc5 dxc5 8. Nc3 Nc6 9. Be3 Be6 10. Bxc5 Qa5 11. Ba3 Bxc4 12. Nd2 Be6 13. Nb3 Qh5 14. e3 Bg4 15. f3 Bh3 16. Bxh3 Qxh3 17. Nc5 Rfd8 18. Qe2 b6 19. N5e4 Nxe4 20. Nxe4 Qe6 21. Rac1 Bh6 22. Kf2 Ne5 23. Rc7 Rd7 24. Rxd7 Qxd7 25. Rd1 Qh3 26. Kg1 Qf5 27. Kg2 Re8 28. b3 Ng4 29. Bc1 Rc8 30. h3 Ne5 31. Bb2 Bg7 32. Rd2 h5 33. h4 Ng4 34. Bxg7 Kxg7 35. Qd3 Ne5 36. Qf1 f6 37. Qd1 Rc1 38. Qe2 Nxf3 39. Rd1 Qxe4 40. Rxc1 Nd4+ 0-1

[Event "Mitropa Cup (Women)"]
[Site "Mali Losinj"]
[Date "2023.04.19"]
[Round "9.11"]
[White "Exler, Veronika"]
[Black "Sala, Giulia"]
[Result "1-0"]
[WhiteElo "2123"]
[BlackElo "2010"]
[PlyCount "39"]
[EventDate "2023.04.11"]
[EventType "team-tourn"]
[EventRounds "9"]
[EventCountry "CRO"]
[SourceTitle "CBM 213 Extra"]
[Source "ChessBase"]
[SourceDate "2023.05.31"]
[SourceVersion "1"]
[SourceVersionDate "2023.05.31"]
[SourceQuality "1"]
[WhiteTeam "Austria (W)"]
[BlackTeam "Italy (W)"]
[WhiteTeamCountry "AUT"]
[BlackTeamCountry "ITA"]

1. e4 e5 2. Nf3 Nc6 3. d4 exd4 4. Bc4 Nf6 5. e5 d5 6. Bb5 Ne4 7. Nxd4 Bc5 8. Be3 0-0 9. Nxc6 bxc6 10. Bxc5 Nxc5 11. Bxc6 Rb8 12. Qxd5 Qxd5 13. Bxd5 Rxb2 14. Na3 Ba6 15. 0-0-0 Rb4 16. Rhe1 Rfb8 17. Re3 Rf4 18. f3 Na4 19. e6 Rf6 20. e7 1-0

[Event "Mitropa Cup (Women)"]
[Site "Mali Losinj"]
[Date "2023.04.15"]
[Round "5.3"]
[White "Exler, Veronika"]
[Black "Ivekovic, Tihana"]
[Result "1/2-1/2"]
[WhiteElo "2123"]
[BlackElo "2094"]
[PlyCount "51"]
[EventDate "2023.04.11"]
[EventType "team-tourn"]
[EventRounds "9"]
[EventCountry "CRO"]
[SourceTitle "CBM 213 Extra"]
[Source "ChessBase"]
[SourceDate "2023.05.31"]
[SourceVersion "1"]
[SourceVersionDate "2023.05.31"]
[SourceQuality "1"]
[WhiteTeam "Austria (W)"]
[BlackTeam "Croatia (W)"]
[WhiteTeamCountry "AUT"]
[BlackTeamCountry "CRO"]

1. d4 Nf6 2. c4 e6 3. Nf3 d5 4. g3 dxc4 5. Qa4+ Nbd7 6. Qxc4 a6 7. Bf4 c5 8. dxc5 Bxc5 9. Bg2 b5 10. Qd3 Bb7 11. 0-0 0-0 12. Nbd2 Qb6 13. Nb3 Rfd8 14. Nxc5 Nxc5 15. Qe3 Ng4 16. Qc1 Rac8 17. Be3 Nxe3 18. Qxe3 Na4 19. Qxb6 Nxb6 20. Rfc1 Kf8 21. Kf1 Nc4 22. b3 Bxf3 23. Bxf3 Nd2+ 24. Ke1 Nxf3+ 25. exf3 Ke7 26. Ke2 1/2-1/2

[Event "BL 2223 (Women)"]
[Site "Germany"]
[Date "2022.11.12"]
[Round "3.2"]
[White "Exler, Veronika"]
[Black "Gaal, Zsoka"]
[Result "0-1"]
[WhiteElo "2137"]
[BlackElo "2298"]
[PlyCount "104"]
[EventDate "2022.10.15"]
[EventType "team-tourn"]
[EventRounds "11"]
[EventCountry "GER"]
[SourceTitle "EXT 2024"]
[Source "ChessBase"]
[SourceDate "2023.10.10"]
[SourceVersion "1"]
[SourceVersionDate "2023.10.10"]
[SourceQuality "1"]
[WhiteTeam "Bayern Muenchen (W)"]
[BlackTeam "Hamburger SK (W)"]
[WhiteTeamCountry "GER"]
[BlackTeamCountry "GER"]

1. d4 Nf6 2. Nf3 d5 3. g3 c5 4. Bg2 cxd4 5. 0-0 e6 6. Nxd4 e5 7. Nb3 Be6 8. c4 Nc6 9. cxd5 Nxd5 10. Nc3 Nxc3 11. Qxd8+ Kxd8 12. bxc3 Kc7 13. Rd1 Be7 14. Be3 Rad8 15. Kf1 b6 16. Ke1 Ba3 17. Bc1 Rxd1+ 18. Kxd1 Rd8+ 19. Kc2 Be7 20. f4 f6 21. Bd2 a5 22. Nc1 a4 23. Nd3 Bf5 24. e4 Be6 25. fxe5 fxe5 26. Be3 Bd6 27. Bf1 Na5 28. Nb4 Bxb4 29. cxb4 Nc4 30. Bxc4 Bxc4 31. Rc1 b5 32. a3 Rd3 33. Bd2 Rxa3 34. Bc3 Ra2+ 35. Kb1 Re2 36. Bxe5+ Kb7 37. Bxg7 Rxe4 38. Kb2 Bb3 39. Rc5 Re2+ 40. Kb1 Bc4 41. Rh5 a3 42. Kc1 a2 43. Bc3 Re1+ 44. Kc2 a1Q 45. Bxa1 Rxa1 46. Rxh7+ Kc6 47. g4 Rg1 48. h3 Rg3 49. Rh5 Bf1 50. Rc5+ Kb6 51. g5 Bxh3 52. Kb2 Bf1 0-1

[Event "BL 2223 (Women)"]
[Site "Germany"]
[Date "2022.10.16"]
[Round "2.1"]
[White "Gaponenko, Inna"]
[Black "Exler, Veronika"]
[Result "1-0"]
[WhiteElo "2348"]
[BlackElo "2137"]
[PlyCount "75"]
[EventDate "2022.10.15"]
[EventType "team-tourn"]
[EventRounds "11"]
[EventCountry "GER"]
[SourceTitle "EXT 2024"]
[Source "ChessBase"]
[SourceDate "2023.10.10"]
[SourceVersion "1"]
[SourceVersionDate "2023.10.10"]
[SourceQuality "1"]
[WhiteTeam "Solingen (W)"]
[BlackTeam "Bayern Muenchen (W)"]
[WhiteTeamCountry "GER"]
[BlackTeamCountry "GER"]

1. e4 c6 2. d4 d5 3. e5 Bf5 4. Nd2 e6 5. Nb3 Nd7 6. Nf3 h6 7. Be2 Ne7 8. 0-0 Bh7 9. a4 a6 10. c3 Rc8 11. Nc5 Nxc5 12. dxc5 Qc7 13. Re1 g5 14. h3 Bg7 15. Be3 0-0 16. Bd4 Rce8 17. a5 Be4 18. Bd3 Bxd3 19. Qxd3 Nf5 20. g4 Nxd4 21. cxd4 Qd7 22. Re3 Kh8 23. Rae1 Rg8 24. R1e2 Bf8 25. Nh2 Rg6 26. Nf1 Kg8 27. Ng3 Bg7 28. Nh5 Qc7 29. b4 Kf8 30. f4 gxf4 31. Nxf4 Rg5 32. Rg2 Bxe5 33. dxe5 Rxe5 34. Ng6+ fxg6 35. Qxg6 Rxe3 36. Rf2+ Ke7 37. Rf7+ Kd8 38. Rxc7 1-0

[Event "AUT-ch"]
[Site "Vienna"]
[Date "2022.08.18"]
[Round "8"]
[White "Pilshofer, Paul"]
[Black "Exler, Veronika"]
[Result "1/2-1/2"]
[WhiteElo "2173"]
[BlackElo "2132"]
[PlyCount "81"]
[EventDate "2022.08.12"]
[EventType "swiss"]
[EventRounds "9"]
[EventCountry "AUT"]
[SourceTitle "CBM 209 Extra"]
[Source "ChessBase"]
[SourceDate "2022.09.30"]
[SourceVersion "1"]
[SourceVersionDate "2022.09.30"]
[SourceQuality "1"]

1. d4 Nf6 2. Nf3 g6 3. g3 Bg7 4. Bg2 d5 5. 0-0 0-0 6. c4 c6 7. cxd5 cxd5 8. Nc3 Ne4 9. Nxe4 dxe4 10. Ne5 Bf5 11. Qb3 Nc6 12. Nxc6 bxc6 13. Be3 e5 14. dxe5 Bxe5 15. Qc2 Qf6 16. Rab1 Bd4 17. Bxd4 Qxd4 18. Rfd1 Qe5 19. e3 Rad8 20. b3 Qa5 21. h3 h5 22. Qe2 Qe5 23. Rbc1 Qb5 24. Qc2 Qa5 25. Kh2 Rd5 26. Bf1 Rfd8 27. Rxd5 cxd5 28. Qc7 Qxc7 29. Rxc7 Rd7 30. Rc5 d4 31. exd4 Rxd4 32. Rc2 Rd1 33. Be2 Ra1 34. g4 hxg4 35. hxg4 Be6 36. g5 Bf5 37. Rd2 Kg7 38. Bc4 f6 39. gxf6+ Kxf6 40. Rd6+ Ke5 41. Rd2 1/2-1/2

[Event "AUT-ch"]
[Site "Vienna"]
[Date "2022.08.13"]
[Round "2"]
[White "Fuchs, Patrick1111"]
[Black "Exler, Veronika"]
[Result "1-0"]
[WhiteElo "2009"]
[BlackElo "2132"]
[PlyCount "49"]
[EventDate "2022.08.12"]
[EventType "swiss"]
[EventRounds "9"]
[EventCountry "AUT"]
[SourceTitle "CBM 209 Extra"]
[Source "ChessBase"]
[SourceDate "2022.09.30"]
[SourceVersion "1"]
[SourceVersionDate "2022.09.30"]
[SourceQuality "1"]

1. e4 c6 2. Nc3 d5 3. Nf3 Bg4 4. h3 Bxf3 5. Qxf3 e6 6. d4 dxe4 7. Qxe4 Nf6 8. Qd3 Be7 9. g3 Nd5 10. a3 Nxc3 11. Qxc3 Qd5 12. Rg1 Bf6 13. Be3 Nd7 14. 0-0-0 Nb6 15. Kb1 0-0-0 16. Be2 h5 17. Qb4 Qe4 18. Qa5 Bxd4 19. Rxd4 Rxd4 20. Qxa7 Kc7 21. Bd3 Qd5 22. c4 Qd7 23. Qa5 Rd8 24. c5 Rxd3 25. cxb6+ 1-0

[Event "AUT-ch"]
[Site "Vienna"]
[Date "2022.08.12"]
[Round "1"]
[White "Exler, Veronika"]
[Black "Stanec, Nikolaus"]
[Result "0-1"]
[WhiteElo "2132"]
[BlackElo "2460"]
[PlyCount "84"]
[EventDate "2022.08.12"]
[EventType "swiss"]
[EventRounds "9"]
[EventCountry "AUT"]
[SourceTitle "CBM 209 Extra"]
[Source "ChessBase"]
[SourceDate "2022.09.30"]
[SourceVersion "1"]
[SourceVersionDate "2022.09.30"]
[SourceQuality "1"]

1. e4 c5 2. c3 g6 3. d4 cxd4 4. cxd4 d5 5. e5 Nc6 6. h3 Bg7 7. Nc3 f6 8. f4 fxe5 9. fxe5 e6 10. Nb5 Qh4+ 11. Ke2 Bf8 12. Nc7+ Kd8 13. Nf3 Nxd4+ 14. Qxd4 Qxd4 15. Nxe6+ Bxe6 16. Nxd4 Kd7 17. Kf3 Ne7 18. Bf4 Nc6 19. Bb5 a6 20. Ba4 b5 21. Nxc6 bxa4 22. Rac1 Rc8 23. Nd4 Be7 24. Rxc8 Rxc8 25. Rc1 Rxc1 26. Bxc1 Bf5 27. Nxf5 gxf5 28. Be3 Ke6 29. Bd4 Bg5 30. g4 Bd2 31. Kg3 fxg4 32. hxg4 Bg5 33. Kf3 Bc1 34. Kg3 Bh6 35. Kf3 Bg5 36. Kg3 Bc1 37. Kf3 a3 38. bxa3 Bxa3 39. Kf4 a5 40. Kf3 a4 41. Bc3 Bc1 42. Bd4 a3 0-1

[Event "AUT-chT (Women) 2122"]
[Site "Austria"]
[Date "2022.04.23"]
[Round "9.3"]
[White "Exler, Veronika"]
[Black "Mar, Karmen"]
[Result "0-1"]
[WhiteElo "2140"]
[BlackElo "2074"]
[PlyCount "72"]
[EventDate "2021.11.06"]
[EventType "team-tourn"]
[EventRounds "9"]
[EventCountry "AUT"]
[SourceTitle "EXT 2024"]
[Source "ChessBase"]
[SourceDate "2023.10.10"]
[SourceVersion "1"]
[SourceVersionDate "2023.10.10"]
[SourceQuality "1"]
[WhiteTeam "Wulkaprodersdorf (W)"]
[BlackTeam "Steyr (W)"]
[WhiteTeamCountry "AUT"]
[BlackTeamCountry "AUT"]

1. d4 d5 2. c4 c6 3. e3 Nf6 4. Nf3 Bf5 5. Nc3 e6 6. Nh4 Be4 7. f3 Bg6 8. Qb3 Qc7 9. Bd2 Be7 10. Nxg6 hxg6 11. 0-0-0 dxc4 12. Bxc4 b5 13. Bd3 a6 14. Ne4 Nxe4 15. Bxe4 Nd7 16. f4 Rc8 17. Bf3 c5 18. d5 c4 19. Qc2 c3 20. bxc3 exd5 21. Bxd5 Nb6 22. Qb3 Bf6 23. e4 Bxc3 24. Bxc3 Qxc3+ 25. Qxc3 Rxc3+ 26. Kb1 Ke7 27. Bb7 a5 28. Rc1 Na4 29. h3 Rd8 30. Rxc3 Nxc3+ 31. Kb2 b4 32. a3 Na4+ 33. Kb1 Rd2 34. axb4 axb4 35. Kc1 Ra2 36. Rd1 b3 0-1

[Event "AUT-chT (Women) 2122"]
[Site "Austria"]
[Date "2022.04.22"]
[Round "8.4"]
[White "Exler, Veronika"]
[Black "Theissl Pokorna, Regina"]
[Result "0-1"]
[WhiteElo "2140"]
[BlackElo "2296"]
[PlyCount "104"]
[EventDate "2021.11.06"]
[EventType "team-tourn"]
[EventRounds "9"]
[EventCountry "AUT"]
[SourceTitle "EXT 2024"]
[Source "ChessBase"]
[SourceDate "2023.10.10"]
[SourceVersion "1"]
[SourceVersionDate "2023.10.10"]
[SourceQuality "1"]
[WhiteTeam "Wulkaprodersdorf (W)"]
[BlackTeam "Pamhagen (W)"]
[WhiteTeamCountry "AUT"]
[BlackTeamCountry "AUT"]

1. e4 c5 2. c3 Nf6 3. e5 Nd5 4. d4 cxd4 5. Nf3 e6 6. cxd4 d6 7. Bc4 Nc6 8. 0-0 Be7 9. Qe2 0-0 10. Nc3 dxe5 11. dxe5 Nxc3 12. bxc3 b6 13. Qe4 Qc7 14. Bd3 g6 15. Bh6 Rd8 16. Rad1 Bb7 17. Qf4 Rd5 18. Be4 Rxd1 19. Rxd1 Rd8 20. Rxd8+ Nxd8 21. Bxb7 Nxb7 22. h3 Nc5 23. Ng5 f6 24. Nf3 f5 25. Qc4 Qd7 26. Be3 Qd1+ 27. Kh2 Qd3 28. Qxd3 Nxd3 29. Kg1 Bd8 30. Kf1 Bc7 31. Bd4 h6 32. h4 a5 33. g3 b5 34. a3 Bd8 35. Ke2 Nb2 36. Nd2 Be7 37. c4 Nxc4 38. Nxc4 bxc4 39. a4 Bb4 40. Bb6 Bc3 41. Be3 Bxe5 42. Bxh6 Kf7 43. Bf4 Bd4 44. Bc7 Bc3 45. f3 e5 46. g4 Ke6 47. Bb6 e4 48. g5 exf3+ 49. Kxf3 Be1 50. Ke2 Bxh4 51. Bxa5 Bxg5 52. Bb6 Kd5 0-1

[Event "Innsbruck op 5th"]
[Site "Innsbruck"]
[Date "2021.08.21"]
[Round "1"]
[White "Morgunov, Marc"]
[Black "Exler, Veronika"]
[Result "1-0"]
[WhiteElo "2401"]
[BlackElo "2152"]
[PlyCount "123"]
[EventDate "2021.08.21"]
[EventType "swiss"]
[EventRounds "9"]
[EventCountry "AUT"]
[SourceTitle "CBM 204 Extra"]
[Source "ChessBase"]
[SourceDate "2021.11.30"]
[SourceVersion "1"]
[SourceVersionDate "2021.11.30"]
[SourceQuality "1"]

1. e4 c6 2. Nc3 d5 3. Nf3 Bg4 4. h3 Bxf3 5. Qxf3 e6 6. Be2 d4 7. Nb1 Nd7 8. d3 Bd6 9. 0-0 Qc7 10. g3 Ne7 11. Nd2 Nb6 12. a4 a5 13. c3 c5 14. cxd4 cxd4 15. Nb3 e5 16. Bd2 Nd7 17. Bd1 0-0 18. Qg4 Nf6 19. Qe2 Nc6 20. f4 Nd7 21. f5 Bb4 22. Bc1 f6 23. g4 h6 24. h4 Kf7 25. Rf2 Rh8 26. Rg2 Ke7 27. Bd2 Bxd2 28. Nxd2 Nc5 29. Rc1 b6 30. Nb3 Nb4 31. Nxc5 bxc5 32. Bb3 Kd6 33. Rd1 Qe7 34. Qd2 Rab8 35. Qc1 Kc6 36. Be6 Kd6 37. Qc4 Qc7 38. Rc1 Qc6 39. g5 hxg5 40. hxg5 Rb7 41. Rg3 Rc7 42. b3 Qa6 43. Qxa6+ Nxa6 44. Rc2 Nb4 45. Rcg2 fxg5 46. Bc4 Rh5 47. Rxg5 Rxg5 48. Rxg5 Re7 49. Rg6+ Kc7 50. Bb5 Kb7 51. Kf2 Kc7 52. Kg3 Kd8 53. Kg4 Rb7 54. Kg5 Nxd3 55. Bxd3 Rxb3 56. Bb5 Rxb5 57. axb5 c4 58. Rc6 d3 59. b6 Kd7 60. b7 Kxc6 61. b8Q d2 62. Qc8+ 1-0

[Event "Online Olym Div2 B"]
[Site "Chess.com INT"]
[Date "2020.08.16"]
[Round "7.4"]
[White "Cibickova, Zuzana"]
[Black "Exler, Veronika"]
[Result "1/2-1/2"]
[WhiteElo "2256"]
[BlackElo "2153"]
[PlyCount "35"]
[EventDate "2020.08.14"]
[EventType "team-tourn (rapid)"]
[EventRounds "9"]
[EventCountry "USA"]
[SourceTitle "CBM 198"]
[Source "ChessBase"]
[SourceDate "2020.10.31"]
[SourceVersion "1"]
[SourceVersionDate "2020.10.31"]
[SourceQuality "1"]
[WhiteTeam "Slovakia"]
[BlackTeam "Austria"]
[WhiteTeamCountry "SVK"]
[BlackTeamCountry "AUT"]

1. e4 c6 2. d4 d5 3. Nd2 dxe4 4. Nxe4 Bf5 5. Ng3 Bg6 6. h4 h6 7. Nf3 e6 8. Ne5 Bh7 9. Bd3 Bxd3 10. Qxd3 Nf6 11. Ne4 Nxe4 12. Qxe4 Nd7 13. Nxd7 Qxd7 14. Be3 Be7 15. 0-0 0-0 16. Qg4 Kh8 17. h5 f5 18. Qg3 1/2-1/2